Lucio Tréllez (Record no. 184400)

MARC details
000 -LEADER
campo de control de longitud fija 00546nam a22001575i 4500
001 - NÚMERO DE CONTROL
campo de control 184400
003 - IDENTIFICADOR DE NÚMERO DE CONTROL
campo de control ES-MaACL
005 - FECHA Y HORA DE LA ÚLTIMA TRANSACCIÓN
campo de control 20251122063143.0
008 - DATOS DE LONGITUD FIJA--INFORMACIÓN GENERAL
campo de control de longitud fija 150818s1879 sp |||| | spa d
100 1# - ENTRADA PRINCIPAL--NOMBRE DE PERSONA
Nombre de persona Ortega Munilla, José,
Fechas asociadas al nombre 1856-1922
9 (RLIN) 87477
245 10 - MENCIÓN DEL TÍTULO
Título Lucio Tréllez
Resto del título : relación contemporánea /
Mención de responsabilidad, etc. por José Ortega Munilla.
260 ## - PUBLICACIÓN, DISTRIBUCIÓN, ETC.
Lugar de publicación, distribución, etc. Madrid :
Nombre del editor, distribuidor, etc. [s.n.],
Fecha de publicación, distribución, etc. 1879 (
Fabricante Imp. de A. Flórez)
300 ## - DESCRIPCIÓN FÍSICA
Extensión 271 p. ;
Dimensiones 19 cm.
852 ## - LOCALIZACIÓN
Ubicación ES-MaACL
Número de control de estantería T-884-F-2
Nota libre .- Ded. ms. del autor a Gustavo Saenz Diez
Holdings
Estatus retirado Estado de pérdida Estado de daño No para préstamo Colección Biblioteca de origen Biblioteca actual Ubicación en estantería Fecha de adquisición Fuente de adquisición Total de préstamos Signatura topográfica completa Código de barras Visto por última vez Precio de reemplazo Tipo de ítem Koha
        Colección de folletos Biblioteca del Ateneo de Madrid Biblioteca del Ateneo de Madrid Depósito folletos 18/08/2015     T-884-F-2 1194038 23/02/2023 23/02/2023 Folleto